Ancient town of Hoi An : International Symposium held in Danang on 22-23 March 1990
Contents:communique of the National commitee for the International Symposium on the Ancient Town of Hoi An
Đã lưu trong:
| Institution som forfatter: | |
|---|---|
| Format: | Bog |
| Sprog: | Undetermined |
| Udgivet: |
Ha Noi
Foreign Languages Pub. House
1991
|
| Fag: | |
| Tags: |
Tilføj Tag
Ingen Tags, Vær først til at tagge denne postø!
|
| Thư viện lưu trữ: | Trung tâm Học liệu Trường Đại học Cần Thơ |
|---|
| LEADER | 00755nam a2200205Ia 4500 | ||
|---|---|---|---|
| 001 | CTU_218809 | ||
| 008 | 210402s9999 xx 000 0 und d | ||
| 082 | |a 959.7 | ||
| 082 | |b I.61 | ||
| 110 | |a International Symposium on the Ancient Town of Hoi An | ||
| 245 | 0 | |a Ancient town of Hoi An : | |
| 245 | 0 | |b International Symposium held in Danang on 22-23 March 1990 | |
| 260 | |a Ha Noi | ||
| 260 | |b Foreign Languages Pub. House | ||
| 260 | |c 1991 | ||
| 520 | |a Contents:communique of the National commitee for the International Symposium on the Ancient Town of Hoi An | ||
| 650 | |a Hội An (Vietnam),Hoi An (Vietnam) | ||
| 650 | |x Lịch sử,History | ||
| 904 | |i Thủy Vy, Tuyến | ||
| 980 | |a Trung tâm Học liệu Trường Đại học Cần Thơ | ||